000 00615nam a2200241Ia 4500
003 OSt
005 20220925172537.0
006 a|||||r|||| 00| 0
007 ta
008 220923b |||||||| |||| 00| 0 eng d
037 _cGeneral Book
040 _aRTL
_cRTL
_beng
041 _2eng
_aeng
082 _aX9(D35).2.N8, M8
245 0 _aNA
260 _aBombay
_bL and T
_c1988
300 _a260p
_ccm.
490 _aAnnual Review 1988 Vol. VII
650 _a Cement
_9241902
650 _aIndustrial Economics
942 _hX9(D35).2.N8, M8
_cGB
_2CC
999 _c485346
_d485346